000 00502nam a2200157 4500
001 122611
003 ES-MaACL
005 20230906192017.0
007 t|
008 070214s1964 sp r ||||1| spa d
110 2 _aUniversidad de Salamanca.
_bEscuela de Práctica Jurídica.
_97283
245 1 0 _aProblemas de aplicación del Derecho
_b: curso 1963 - 1964.
260 _aSalamanca :
_bUniversidad. Facultad de Derecho,
_c1964.
300 _a60 p. ;
_c22 cm.
852 _aES-MaACL
_j2137-F-7
_bR.54862
999 _c122611
_d122611